| 000 | 01111nam a22002657a 4500 | ||
|---|---|---|---|
| 999 |
_c156708 _d156708 |
||
| 003 | dpl | ||
| 005 | 20190222124429.0 | ||
| 008 | 180830b xxu||||| |||| 00| 0 eng d | ||
| 010 | _aB-102218 | ||
| 020 | _c400.00 | ||
| 035 | _aB-102218, B-102218 | ||
| 037 | _bBPPD/PUB | ||
| 040 |
_aDPL _bHN _c0 |
||
| 082 |
_aउ _bकपूर |
||
| 100 | _aकपूर, मस्तराम | ||
| 245 |
_aपांच उपन्यास पंद्रह नाटक / _cमस्तराम कपूर |
||
| 260 |
_aदिल्ली _bसमाजवादी साहित्य संस्थान _c2003 |
||
| 270 |
_a79 बी, पॉकेट-3, मयूर विहार, फेज-1 _bदिल्ली _e110091 |
||
| 300 |
_a395पृ. _c21सेमी (सजिल्द) |
||
| 650 |
_aसाहित्य--नाटक _9147 |
||
| 650 |
_aहिन्दी नाटक--साहित्य और संस्कृति _978006 |
||
| 650 |
_aLiterature--Play _978007 |
||
| 650 |
_aHindi plays--Literature and Culture _978008 |
||
| 942 |
_2ddc _cHN _hउ _mकपूर |
||